000 00317pab a2200145 454500
008 180718b1996 xxu||||| |||| 00| 0 eng d
100 _aMishra, Sidharth
245 _aA legacy of corruption
260 _c1996
300 _ap.11
362 _a21 Sep
650 _aCorruption
773 _aPioneer
909 _a33180
999 _c33180
_d33180